000 00293nam a22001337a 4500
008 170612b xxu||||| |||| 00| 0 eng d
020 _a9780060543549
041 _aeng
080 _a94(100)
100 _a17
101 _aSHH
245 _a1000 YEARS FOR REVENCE
_cLANCE,P
942 _2udc
_cBK
999 _c17051
_d17051